000 00580nam a22001937a 4500
999 _c22441
_d22441
003 OSt
005 20220704125945.0
008 180228s2017 pe 000 0 spa
040 _cBiblioteca Municipal de Cusco
082 _a869.56/C77A5
_bC77A5
100 _aCorcuera, Arturo
_d1935-2017
_eautor
_948186
245 _aLos amantes /
_cArturo Corcuera
250 _aPrimer edición
260 _aLima :
_bEdiciones El Nocedal,
_c2020.
300 _a24 páginas. :
_c20 cm.
500 _a"Poesía"--Cubierta.
650 _aPoesías peruanas
_ySiglo XX
_948129
942 _2ddc
_cLIBROS